000 00576nam a22001697a 4500
003 MACL
005 20160717123150.0
008 160717b xxu||||| |||| 00| 0 eng d
040 _cMACL
041 _aHindi
082 _a910 SIN
100 _aसिंह, अजीत कुमार
_964577
245 _aभारत एवं विश्‍व का भूगोल
_cअजीत कुमार सिंह
260 _aमे‍रठ
_bअरिहन्‍त पब्लिकेशन्‍स
650 _aभूगोल
_936415
942 _2ddc
_cHIN
999 _c54342
_d54342